| 000 | 005220000a22001930004500 | ||
|---|---|---|---|
| 001 | 002441 | ||
| 003 | MACL | ||
| 005 | 20150821110546.0 | ||
| 008 | 150821b xxu||||| |||| 00| 0 eng d | ||
| 040 |
_aMACL _cMACL |
||
| 041 | _aEnglish | ||
| 082 | _a620.82/SIR | ||
| 100 |
_aSirajuddin, S M _96371 |
||
| 245 |
_aAll India Anthropometric _bSurvey: Lakshadweep Islands _cS M Sirajuddin |
||
| 260 |
_aKolkata _c2006 _bAnthropological Survey of india, |
||
| 350 | _a150 | ||
| 650 |
_aEngineering _96372 |
||
| 942 |
_k621 _cBK _2ddc |
||
| 999 |
_c14353 _d14353 |
||